| 000 | 00979nam a2200265 i 4500 | ||
|---|---|---|---|
| 001 | bg | ||
| 100 | 1 | _aŚpiewak, Tomasz. | |
| 245 | 1 | 0 |
_aZarządzanie środkami pieniężnymi w przedsiębiorstwie : _bteoria i praktyka / _cTomasz Śpiewak. |
| 260 |
_aRzeszów : _bWydawnictwo Uniwersytetu Rzeszowskiego, _c2008. |
||
| 300 |
_a239 s. : _bil. ; _c24 cm. |
||
| 490 | 1 |
_aPrace Naukowe Wydziału Ekonomii Uniwersytetu Rzeszowskiego. _pMonografie i Opracowania _vnr 4 |
|
| 504 | _aBibliogr. s. 229-235. | ||
| 650 | 9 |
_aPrzedsiębiorstwo _xfinanse _xzarządzanie |
|
| 830 |
_aPrace Naukowe Wydziału Ekonomii Uniwersytetu Rzeszowskiego. _pMonografie i Opracowania |
||
| 015 | _aPB 20288/2008 | ||
| 020 | _a9788373383777 | ||
| 040 | _cBPK | ||
| 041 | _apol | ||
| 044 | _aPOL | ||
| 080 | _a658.15 | ||
| 920 | _a978-83-7338-377-7 | ||
| 942 | _cKS | ||
| 008 | 080730s2008 pl a |000 0 pol | ||
| 999 |
_c55860 _d55860 |
||
| 856 |
_uhttp://koha.tu.koszalin.pl/cgi-bin/koha/opac-detail.pl?biblionumber=55860 _yKatalog online BPK |
||